[Event "1st 4NCL International Open"]
[Site "Telford"]
[Date "2018.10.30"]
[Round "1"]
[White "Turner, Matthew J"]
[Black "Wall, Tim P"]
[Result "1-0"]
[WhiteElo "2536"]
[BlackElo "2253"]
[Annotator "TA"]
[PlyCount "88"]
[EventDate "2018.10.31"]
[EventType "swiss"]
[EventCountry "GBR"]
[SourceTitle "playchess.com"]
[Source "ChessBase"]
[SourceQuality "1"]

{[%evp 15,88,16,15,7,14,15,25,13,14,2,46,24,47,45,69,77,88,84,74,56,71,38,91,91,99,105,135,129,107,1,126,141,139,129,230,231,224,125,110,127,120,129,159,152,142,172,173,160,451,443,439,442,422,400,389,373,370,342,358,350,594,557,590,577,580,554,567,567,545,527,1412,1404,1132,1049,1725]} 1. g3 f5 2. Bg2 Nf6 3. d3 e5 4. c4 Be7 5. Nc3 O-O 6. e3 d6 7. Nge2 Qe8 8. O-O c6 {LiveBook: 6 Games. A21: English Opening: 1...e5 2 Nc3} 9. f4 (9. b3 Qh5 10. f4 Nbd7 11. Qd2 Re8 12. Ba3 Bf8 13. Rae1 a6 14. e4 fxe4 15. dxe4 exf4 16. gxf4 {½-½ (36) Markowski,T (2584)-Banikas,H (2591) Warsaw 2007}) 9... Kh8 10. b3 Be6 {The position is equal.} 11. e4 fxe4 12. dxe4 exf4 $146 ({Predecessor:} 12... Na6 13. f5 Bf7 14. h3 Nc5 15. Be3 {½-½ (25) Buese,R-Stassen,W IECG email 1997}) 13. Nxf4 Bg4 14. Qd2 Na6 15. h3 Bd7 16. Ba3 Rd8 17. Rae1 ({And not} 17. Bxd6 Bxd6 18. Qxd6 Bxh3 $17) 17... Bc8 18. Qe3 Nh5 ({Better is} 18... d5 $1 $14 19. Bxe7 d4) 19. Nxh5 $16 Qxh5 {[#]} 20. e5 $1 {[%cal Re5d6]} Rxf1+ 21. Rxf1 {aiming for exd6.} Nc5 22. Rd1 (22. g4 $16 Qxe5 23. Qxe5 dxe5 24. Ne4) 22... b6 {[#]} (22... Re8 $1 $11) 23. exd6 $1 Bf6 24. g4 Qh4 (24... Qg6 $16) 25. Bxc5 $40 {[%mdl 128] White has strong attack.} bxc5 26. Ne4 ({Weaker is} 26. Bxc6 Bd4 $15) (26. Ne2 $18 Bg5 27. Qxc5) 26... Bd4 $16 27. Rxd4 cxd4 28. Qxd4 h5 29. Qxa7 Qe1+ 30. Kh2 hxg4 31. Qe7 Rg8 $2 (31... g3+ $16 {is a better defense.} 32. Nxg3 Qxe7 33. dxe7 Re8 34. Bxc6 Rxe7) 32. hxg4 $18 Bxg4 33. d7 Bxd7 34. Qxd7 {White wants to mate with Qh3+.} Ra8 35. Qh3+ Kg8 36. Ng5 {Black must now prevent Qh7+.} Qe5+ 37. Qg3 Qxg3+ $2 (37... Qf6 {was called for.} 38. Kh3 Ra5 39. Qb8+ Qf8 40. Qxf8+ Kxf8) 38. Kxg3 {White is clearly winning.} Rxa2 39. Bxc6 Rb2 40. Bd5+ Kf8 41. c5 Ke7 42. Kf4 Rf2+ 43. Ke5 Re2+ 44. Ne4 Ke8 {Precision: White = 64%, Black = 43%.} 1-0

[Event "1st 4NCL International Open"]
[Site "Telford"]
[Date "2018.10.30"]
[Round "1"]
[White "Fodor, Tamas Jr."]
[Black "Richardson, John R"]
[Result "1-0"]
[WhiteElo "2520"]
[BlackElo "2213"]
[Annotator "TA"]
[PlyCount "73"]
[EventDate "2018.10.31"]
[EventType "swiss"]
[EventCountry "GBR"]
[SourceTitle "playchess.com"]
[Source "ChessBase"]
[SourceQuality "1"]

{[%evp 22,73,29,8,57,39,47,47,73,58,74,69,116,123,123,121,121,107,106,100,123,123,123,123,123,123,123,123,160,123,190,192,172,155,293,264,422,426,781,671,629,553,985,985,978,985,978,978,978,930,3806,3037,29991,29992]} 1. c4 Nf6 2. Nc3 e6 3. e4 {[%cal Be2e4,Be4e5][%mdl 32]} c5 4. e5 Ng8 5. Nf3 Nc6 6. d4 cxd4 7. Nxd4 Nxe5 8. Ndb5 a6 9. Nd6+ Bxd6 10. Qxd6 f6 11. Be3 Ne7 {A19: English Opening: Flohr-Mikenas System with 3...c5} 12. Bb6 {LiveBook: 161 Games} Nf7 (12... Nf5 $5 {[%cal Rf5d6]} 13. Bxd8 Nxd6 $11) (12... Nf5 13. Qb4 Nc6 14. Qc5 d6 15. Bxd8 dxc5 16. Bb6 e5 17. O-O-O Ncd4 18. Bxc5 Bd7 19. Bd3 {½-½ (30) Giri,A (2767)-Dubov,D (2648) Novi Sad 2016}) 13. Ne4 {[%mdl 1024] White has compensation.} Nf5 {White is slightly better.} 14. Qb4 Qe7 $146 {[#]} ({Predecessor:} 14... a5 15. Qb3 Qe7 16. c5 d5 17. cxd6 N7xd6 18. Rd1 Nxe4 19. Rd8+ Qxd8 20. Bxd8 {½-½ (20) Mueller,H (1684)-Lembeck,K (1804) GER email 2012}) 15. c5 $1 {[%cal Bc4c5,Bc5d6][%mdl 32]} O-O 16. O-O-O Ne5 17. Nd6 Nxd6 18. cxd6 Qf7 19. f4 Nc6 20. Qc5 f5 21. Bc4 a5 22. g3 Qh5 23. Rd2 Nb4 24. Re1 Kh8 25. Kb1 h6 (25... Nc6 $16 26. a3 Kg8) 26. a3 $18 Nc6 27. Rg1 Qg6 (27... Qf3 $16 28. Be2 Qe4+ 29. Bd3 Qf3) 28. Ka1 a4 (28... Rg8 {was necessary.} 29. g4 fxg4) 29. Rdg2 Na5 (29... h5 $142 30. Rc2 Qf6) 30. Bxa5 b5 31. Bc3 ({Not} 31. Qxb5 Ba6 $18) 31... bxc4 32. g4 {[#] Black must now prevent gxf5.} Bb7 33. gxf5 Qxg2 34. Rxg2 Bxg2 35. Qg1 Rxf5 36. Qxg2 {[%csl Gc3][%cal Rg2g7]} Rg8 37. Qg6 {Precision: White = 98%, Black = 19%.} 1-0

[Event "1st 4NCL International Open"]
[Site "Telford"]
[Date "2018.10.30"]
[Round "1"]
[White "Gormally, Daniel W"]
[Black "Hill, Alistair"]
[Result "1-0"]
[WhiteElo "2482"]
[BlackElo "2203"]
[Annotator "TA"]
[PlyCount "111"]
[EventDate "2018.10.31"]
[EventType "swiss"]
[EventCountry "GBR"]
[SourceTitle "playchess.com"]
[Source "ChessBase"]
[SourceQuality "1"]

{[%evp 12,111,18,25,18,13,87,33,95,81,110,111,110,111,131,131,162,162,178,177,164,172,162,138,145,89,145,138,138,133,139,130,142,152,151,154,144,151,175,172,181,169,153,142,154,163,193,187,243,238,231,232,279,278,269,249,268,241,343,334,337,340,333,312,376,364,426,429,383,267,230,243,153,264,256,279,275,274,318,331,313,314,345,338,395,372,499,482,550,546,451,365,519,508,517,523,837,829,743,696,1747,1679]} 1. e4 e6 2. d4 d5 3. e5 c5 4. c3 Bd7 5. Bd3 Qb6 6. dxc5 Bxc5 7. Qe2 {LiveBook: 7 Games} a6 {C02: French: Advance Variation} 8. Nf3 h5 (8... Bb5 $11) 9. O-O (9. b4 $16 Be7 10. O-O) 9... Nh6 (9... Bb5 $1 $14) 10. Nbd2 Nc6 $146 ({Predecessor:} 10... Be7 11. Nb3 Bb5 12. Bxb5+ Qxb5 13. Qxb5+ axb5 {0-1 (46) Seul,G (2445)-Vogler,T (2340) Germany 1996}) 11. b4 {[%cal Bb2b4,Bb4b5][%mdl 32]} Be7 12. Nb3 Rc8 13. a4 Qc7 {With the idea ...Ng4.} 14. b5 Na5 15. Nxa5 Qxa5 16. bxa6 bxa6 17. Bxa6 Ra8 18. Bxh6 (18. Bd3 $142 $1) 18... Qxa6 ({Black should play} 18... gxh6 19. Bb5 Bxb5 20. Qxb5+ Qxb5 21. axb5 Kd7) 19. Qxa6 $16 Rxa6 20. Bxg7 Rg8 21. Bf6 Bxf6 22. exf6 Rg6 23. Rfb1 Rxf6 24. a5 $36 {[%mdl 2048] White has strong initiative.} Kd8 25. Rb6 Bc8 26. Rxa6 Bxa6 $18 {[%mdl 4096] Endgame KRB-KRN} 27. Rb1 Kc7 28. Rb6 Be2 29. Nd4 Bd3 (29... Bc4 $142 30. f3 Bd3) 30. Rc6+ Kb7 31. f3 $1 Rg6 32. Rb6+ Kc7 33. Nc6 $1 {[%cal Rc6e5]} Rg8 34. Ne5 Bf5 (34... Be2 {keeps fighting.} 35. Kf2 (35. Nxf7 Bxf3 36. Rb2 Be4 $16) 35... f6 36. Rc6+ (36. Kxe2 fxe5 37. g3 Rg6 $18) 36... Kb7 37. Rb6+ (37. Rxe6 fxe5 38. Kxe2 Rxg2+ 39. Ke3 Rxh2 $16) 37... Kc7) 35. Rc6+ ({Not} 35. Nxf7 Ra8 $14) 35... Kb7 36. a6+ Ka7 37. Nxf7 Rb8 38. Nd6 Bd3 39. Nc8+ Ka8 40. Nb6+ Ka7 {[#]} 41. Nd7 $1 {[%cal Rd7b8]} Rb1+ 42. Kf2 Rb2+ {[#]} 43. Kg3 $1 Bxa6 44. Rxe6 Bf1 45. h4 Rxg2+ 46. Kf4 Rc2 47. Re3 Kb7 48. Nf6 Kc6 49. Nxh5 Kc5 50. Nf6 Kc4 51. Re7 Rd2 (51... Rh2 $142 52. h5 Kxc3 53. Nxd5+ Kd2) 52. Rc7+ {White is clearly winning.} Kb3 53. h5 {[%cal Bh4h5,Bh5h6,Bh6h7][%mdl 32]} Bc4 54. h6 Rh2 55. h7 Kxc3 56. Rc8 {Precision: White = 83%, Black = 39%.} 1-0

[Event "1st 4NCL International Open"]
[Site "Telford"]
[Date "2018.10.30"]
[Round "1"]
[White "Williams, Simon K"]
[Black "Ferrington, Nigel M"]
[Result "1-0"]
[WhiteElo "2457"]
[BlackElo "2130"]
[Annotator "TA"]
[PlyCount "141"]
[EventDate "2018.10.31"]
[EventType "swiss"]
[EventCountry "GBR"]
[SourceTitle "playchess.com"]
[Source "ChessBase"]
[SourceQuality "1"]

{[%evp 15,140,16,32,18,28,3,29,34,36,35,45,42,44,39,54,56,56,44,43,52,60,30,75,60,72,64,89,59,68,39,43,29,41,7,36,0,0,-35,-35,-56,0,0,0,-18,116,-52,0,-86,-85,-79,-89,-73,-77,-75,-52,-42,-47,-66,-58,-53,-11,-11,-11,-11,-11,-14,0,-10,0,0,0,0,7,0,0,0,0,0,73,74,74,77,77,80,160,147,219,0,8,17,29959,29956,29960,29961,29954,29960,29961,29963,29963,29964,29962,29966,29966,29966,29966,29968,29969,29970,29969,29971,29976,29977,29977,29977,29981,29975,29979,29980,29988,29989,29989,29990,29990,29991,29991,29992,29999]} 1. d4 d5 2. Nc3 Nf6 3. Bf4 e6 4. e3 Bd6 5. Bd3 Bxf4 6. exf4 {D00: 1 d4 d5: Unusual lines} c5 7. dxc5 O-O 8. Nf3 Qc7 {LiveBook: 5 Games} 9. Qd2 Qxc5 10. Qe3 $146 ({Predecessor:} 10. O-O-O Nc6 11. Ne5 {1-0 (28) Jobava,B (2713)-Tissir,M (2380) Dubai 2014}) 10... Qb4 11. O-O Nc6 12. a3 Qd6 13. Nb5 Qe7 14. Rfe1 Re8 15. Ne5 a6 16. Nd4 Nxd4 17. Qxd4 Nd7 18. b4 Nf8 19. Re3 f6 20. Nf3 {[%cal Be5f3,Bf3d2,Bd2b3,Bb3d4,Bd4c6][%mdl 32]} Rd8 21. a4 Bd7 22. Nd2 a5 23. b5 Be8 24. Nb3 Bf7 25. Rae1 Qd6 26. Rh3 b6 27. Qe3 Qb4 28. Nd4 $1 {[%cal Rd4c6] Strongly threatening Nc6.} Qxa4 29. Nc6 Re8 (29... Rd7 $11) 30. g3 $2 {[#]} (30. Qxb6 $16 {And now Qc7 would win.} Qxf4 31. Qc5) 30... d4 $1 {[%mdl 512]} 31. Qxd4 (31. Nxd4 $11 e5 32. Nc6) 31... Qxd4 $17 32. Nxd4 e5 33. fxe5 Rxe5 34. Ra1 Bd5 35. f4 Ree8 36. Kf2 g6 37. g4 Ne6 38. Nxe6 Bxe6 39. f5 Bf7 40. Ra4 g5 41. Re3 Rxe3 (41... Kf8 {feels hotter.} 42. Rh3 Kg7 43. Re3 Re5 44. Ree4 Ra7) 42. Kxe3 $11 {[%mdl 4096] Endgame KRB-KRB} Rd8 43. c4 Re8+ 44. Be4 Re5 45. Kd4 Kf8 46. Ra3 Bxc4 (46... Bg8 $11 {keeps the balance.}) 47. Kxc4 $16 {Bc6 is the strong threat.} Rxe4+ $11 {KR-KR} 48. Kd5 Rxg4 49. Kc6 Rf4 (49... Rg2 $142) 50. Kxb6 $16 {Hoping for Ka6.} Rxf5 {[#]} 51. Kxa5 $2 (51. Ka6 $1 $18) 51... Rf2 52. b6 {Black must now prevent Kb4.} Rxh2 $2 {[%mdl 8192] [#]} (52... Ke7 $11) 53. Kb4 $1 {White mates.} Rb2+ 54. Rb3 Re2 55. b7 Re8 56. Rc3 Kf7 57. Rc8 Re1 58. b8=Q ({Not} 58. Rc7+ Kg6 $18) 58... Rb1+ 59. Kc4 Rxb8 60. Rxb8 {KR-K3P} Kg6 61. Kd4 Kf5 62. Rh8 Kf4 63. Rxh7 {KR-KPP} g4 64. Kd3 Kf3 65. Kd2 Kf2 66. Rf7 g3 67. Rxf6+ Kg1 68. Ke2 g2 69. Rg6 Kh2 70. Kf2 {[%cal Rg6h6]} Kh1 71. Rh6# {Precision: White = 58%, Black = 43%.} 1-0

[Event "1st 4NCL International Open"]
[Site "Telford"]
[Date "2018.10.30"]
[Round "1"]
[White "Arkell, Keith C"]
[Black "Ahluwalia, Amardip"]
[Result "1-0"]
[WhiteElo "2436"]
[BlackElo "2085"]
[Annotator "TA"]
[PlyCount "139"]
[EventDate "2018.10.31"]
[EventType "swiss"]
[EventCountry "GBR"]
[SourceTitle "playchess.com"]
[Source "ChessBase"]
[SourceQuality "1"]

{[%evp 16,139,8,14,33,29,40,37,113,97,97,56,64,68,97,105,112,109,115,53,50,0,0,0,10,10,14,8,8,0,16,19,47,40,79,75,98,0,0,0,0,0,0,0,50,32,31,18,72,0,1,0,0,0,0,0,0,0,0,0,83,78,89,0,0,0,27,50,45,0,0,0,46,0,54,27,56,55,56,0,37,37,40,33,63,20,205,196,245,235,243,210,242,236,232,0,205,0,189,77,100,110,1100,1026,2473,3066,1326,562,5065,1392,29950,8,8,8,29971,29972,29971,29972,29969,29969,29966,29959,5877,23,29983,29984]} 1. Nf3 Nf6 2. c4 g6 3. g3 Bg7 4. Bg2 O-O 5. d4 c6 6. O-O d5 7. Nbd2 Ne4 8. e3 Nxd2 9. Nxd2 {LiveBook: 25 Partien} e6 {D78: Grünfeldindisch (Fianchetto 6.0-0 c6)} 10. b4 $146 ({Vorgänger:} 10. Qc2 Nd7 11. Rd1 b6 12. b4 Bb7 13. Rb1 Rc8 14. a4 Ba8 15. Qa2 Re8 16. Ba3 e5 17. dxe5 Nxe5 {1-0 (54) Epishin,V (2587)-Schulze,U (2316) Bad Woerishofen 2009}) 10... a5 11. b5 Bd7 (11... cxb5 $14 12. cxb5 a4) 12. a4 $16 dxc4 13. bxc6 Bxc6 14. Bxc6 bxc6 15. Ba3 Re8 16. Nxc4 Na6 17. Rc1 (17. Rb1 $16) 17... Nb4 $14 18. Bxb4 axb4 19. Qb3 Rb8 20. Rfd1 Qd5 21. Nd2 {[%cal Bc4d2,Bd2e4,Be4c5][%mdl 32]} Bf8 22. Rc2 Rec8 23. Rdc1 Qd7 24. Ne4 {Droht Sf6+ und aus.} Be7 25. Nc5 Qd5 26. Qxd5 ({Günstiger ist} 26. Rc4 $1 $16) 26... cxd5 $11 27. Nb3 Rxc2 28. Rxc2 {[%mdl 4096] Endspiel KTL-KTS} Ra8 29. a5 Ra6 30. Rc8+ Kg7 31. Kf1 Kf6 (31... Bd6 $11 {bleibt in der Remisbreite.}) 32. Ke2 ({Lieber} 32. f3 $1 $16) 32... Bd6 $1 33. g4 Ke7 34. h4 h6 35. h5 gxh5 36. gxh5 Kf6 37. f4 Kf5 (37... Ke7 $11) 38. Kf3 $1 $16 Kf6 {[#]} 39. Kg4 (39. e4 $1 $16 {[%cal Re4e5]} dxe4+ 40. Kxe4) 39... Ke7 $11 40. f5 Kf6 41. fxe6 fxe6 42. Kf3 Kg5 43. Re8 Kf6 44. Rg8 {zielt auf Tg6+ ab.} Kf7 (44... Rc6 $11) 45. Rg6 (45. Rg1 {looks sharper.} Ra8 46. Ke2 Ra7 47. Kd2 Bc7 48. Ra1) 45... Bf8 46. Rg1 Bd6 47. Rg6 Bf8 48. Rg2 Bd6 49. Rg1 Be7 50. Rc1 Bd6 $2 (50... Kf6 $1 $11 {und Schwarz ist OK.}) 51. e4 $18 dxe4+ 52. Kxe4 Kf6 53. Rg1 Kf7 54. Rg6 Bc7 55. Rg1 Bd6 $1 56. Rc1 Kf6 $1 57. d5 (57. Rc8 $18) 57... exd5+ 58. Kxd5 Kg5 $2 {[%mdl 8192]} (58... Bb8 $16 59. Rc8 Ba7) 59. Rc6 Rxc6 60. Kxc6 {KL-KS} Bf4 61. Kb5 (61. Nd4 $142 Be3 62. Kd5 Kxh5 63. a6) 61... Be3 62. Kxb4 Ba7 63. Kc4 $2 (63. a6 {setzt Matt} Kxh5 64. Na5 Kg4 65. Nc6 Be3 66. Kc4 (66. a7 Bxa7 67. Nxa7 h5 $11) 66... Bb6 67. Kb5 Be3 68. Ne7 (68. a7 Bxa7 69. Nxa7 h5 $11)) 63... Kxh5 $11 64. Nd4 Bb8 $2 {[%mdl 8192]} (64... Kg4 $11 65. Nc6 h5 66. Nxa7 h4) 65. a6 Ba7 66. Nc6 Bb6 67. Kb5 (67. a7 Bxa7 68. Nxa7 Kh4 $11) 67... Bf2 68. Ne5 ({Minderwertig wäre} 68. a7 Bxa7 69. Nxa7 Kh4 $11) 68... Kg5 69. Kc4 $2 (69. Nf7+ $18 Kh5 70. Nd6) 69... h5 $2 {[%mdl 8192] [#]} (69... Bb6 $11) 70. Nf3+ $1 {Precision: Weiß = 53%, Schwarz = 36%.} 1-0

[Event "1st 4NCL International Open"]
[Site "Telford"]
[Date "2018.10.30"]
[Round "1"]
[White "Hebden, Mark L"]
[Black "Ratnesan, Ranesh"]
[Result "1-0"]
[WhiteElo "2426"]
[BlackElo "1994"]
[Annotator "TA"]
[PlyCount "29"]
[EventDate "2018.10.31"]
[EventType "swiss"]
[EventCountry "GBR"]
[SourceTitle "playchess.com"]
[Source "ChessBase"]
[SourceQuality "1"]

{[%evp 9,29,45,97,111,163,161,173,130,118,122,130,130,129,137,132,137,139,128,264,242,400,422]} 1. d4 d5 2. c4 c6 3. e3 Nf6 4. Nc3 dxc4 5. Bxc4 e5 (5... c5 $14) (5... b5 6. Bb3 b4 7. Na4 e6 8. Ne2 Nbd7 9. O-O Bb7 10. Bd2 a5 11. Rc1 Rc8 12. Nf4 c5 13. dxc5 Bxc5 14. Nxc5 Nxc5 {1-0 (43) Budnikov,O (2373)-Mikhaletz,L (2395) Lutsk 2015}) 6. Qb3 $16 {D10: Slav Defence: 3 cxd5 (without early Nf3) and 3 Nc3} Qe7 (6... Qc7 $16) 7. dxe5 $18 Ng4 $146 ({Predecessor:} 7... Nfd7 8. Nf3 Nc5 9. Qd1 Nbd7 10. Qd4 Ne6 11. Bxe6 Qxe6 12. O-O Bc5 13. Qe4 {1-0 (48) Sunder,V (1101)-Rozenblat,V (1128) Box Hill 2005}) 8. Nf3 {White is clearly better.} Nd7 9. Bxf7+ Qxf7 10. e6 Qe7 11. exd7+ Qxd7 12. h3 $36 {[%mdl 2048] White is in control.} Nf6 13. O-O Bd6 (13... Qe6 $16 14. e4 Be7) 14. e4 {[%cal Be3e4,Be4e5][%mdl 32] [#] e5 is the strong threat.} Bc5 $2 (14... Bc7 15. e5 Nd5) 15. e5 1-0

[Event "1st 4NCL International Open"]
[Site "Telford"]
[Date "2018.10.30"]
[Round "1"]
[White "Eggleston, David J"]
[Black "Jamieson, Ian"]
[Result "1-0"]
[WhiteElo "2406"]
[BlackElo "1947"]
[Annotator "TA"]
[PlyCount "53"]
[EventDate "2018.10.31"]
[EventType "swiss"]
[EventCountry "GBR"]
[SourceTitle "playchess.com"]
[Source "ChessBase"]
[SourceQuality "1"]

{[%evp 14,53,26,30,39,38,77,56,121,88,104,94,134,145,160,137,243,242,230,235,245,242,253,241,224,233,233,231,308,265,263,253,440,329,453,453,708,693,971,959,941,931]} 1. e4 {[%cal Be2e4,Be4e5][%mdl 32]} e6 2. d4 d5 3. Nc3 Nf6 4. Bg5 Be7 5. e5 Nfd7 6. h4 Nc6 {C14: Französische Verteidigung (Klassische Hauptvariante)} 7. Nf3 (7. Qd2 f6 8. exf6 Nxf6 9. Nf3 O-O 10. O-O-O a6 11. Bd3 b5 12. Rde1 b4 13. Ne2 Ne4 14. Bxe4 dxe4 15. Bxe7 Nxe7 {1-0 (42) Pridorozhni,A (2565)-Morozevich,A (2665) Sochi 2017}) 7... a6 8. Qd2 {LiveBook: 5 Partien} b5 {Weiß hat minimalen Vorteil.} 9. Bd3 Nb6 10. Ne2 $146 ({Vorgänger:} 10. Bxe7 Qxe7 11. Qg5 f6 12. Qh5+ Qf7 13. Qxf7+ Kxf7 14. O-O-O Bd7 15. h5 f5 16. g4 g6 17. Ne2 fxg4 18. Ng5+ Ke7 19. hxg6 hxg6 20. Nf4 {1-0 (20) Bragg,D (2226)-Julian,J Seattle 2007}) 10... b4 (10... Nb4 $14) 11. Bxe7 Qxe7 12. Nf4 a5 13. Nh5 Qf8 14. Qg5 Ba6 (14... Kd7 $16 15. Qxg7 Qxg7 16. Nxg7 h5) 15. Nxg7+ $18 Kd7 {[#] Droht stark ...Tg8.} 16. Nh5 h6 17. Qd2 Nc4 18. Nf6+ Kc8 19. Qe2 Nb8 20. Rb1 c5 21. dxc5 Qxc5 {beabsichtigt ...Sxb2.} 22. O-O Bb7 $2 {[#]} (22... Qc7 23. b3 Na3) 23. Rfc1 Nd7 24. c3 {Weiß steht klar auf Gewinn.} Nxf6 (24... b3 $142 25. Nxd7 Kxd7 26. axb3 Nb6) 25. cxb4 axb4 26. Bxc4 Kb8 27. Bd3 {Precision: Weiß = 71%, Schwarz = 23%.} 1-0

[Event "1st 4NCL International Open"]
[Site "Telford"]
[Date "2018.10.30"]
[Round "1"]
[White "Rahul Srivatshav P"]
[Black "Paul, Nathanael"]
[Result "1-0"]
[WhiteElo "2395"]
[BlackElo "1890"]
[Annotator "TA"]
[PlyCount "97"]
[EventDate "2018.10.31"]
[EventType "swiss"]
[EventCountry "GBR"]
[SourceTitle "playchess.com"]
[Source "ChessBase"]
[SourceQuality "1"]

{[%evp 19,97,28,31,0,-2,-6,15,0,-6,-31,-24,-28,-24,-20,-22,-18,-25,-14,-12,-15,0,-37,-17,-26,-13,-17,-18,-41,-16,-37,-24,-18,-13,-31,0,0,0,0,0,0,0,0,0,0,0,0,0,0,0,0,0,0,0,0,0,0,11,6,26,20,20,20,34,46,121,106,318,308,225,234,6764,6601,6149,6095,5605,5601,29987,0,29998,0]} 1. d4 d5 2. c4 c6 3. Nc3 Nf6 4. e3 Bf5 5. cxd5 cxd5 6. Qb3 Bc8 7. Nf3 e6 8. Bd2 {D10: Slav Defence: 3 cxd5 (without early Nf3) and 3 Nc3} Nc6 9. Bd3 Be7 10. O-O O-O {LiveBook: 18 Games} 11. Rad1 $146 ({Predecessor:} 11. Rac1 Rb8 12. Qd1 Bd7 13. Ne5 Nxe5 14. dxe5 {0-1 (57) Wojtaszek,R (2736)-Vykouk,J (2435) Katowice 2017}) 11... b6 {[%cal Bb7b6,Bb6b5][%mdl 32]} 12. Qa4 Nb4 13. Bb5 {aiming for a3.} a6 14. a3 Bb7 15. Be2 b5 16. Qb3 Nc6 {[%cal Bb4c6,Bc6a5,Ba5c4][%mdl 32]} 17. Rc1 Na5 18. Qa2 Nc4 19. Nb1 Ne4 20. b3 (20. Bb4 {with more complications.} Bxb4 21. axb4 a5 22. bxa5 Rxa5 23. Qb3) 20... Ncxd2 21. Nfxd2 Nxd2 (21... g6 {feels hotter.} 22. Qb2 Qd7 23. Rc2 Rfc8 24. Rfc1 h5) 22. Qxd2 {[#]} b4 $1 {[%mdl 512]} 23. a4 (23. axb4 Qb6) 23... Qb6 24. Bd3 Rfc8 25. Qb2 a5 26. Nd2 Ba6 27. Bxa6 $1 Qxa6 28. Nf3 f6 29. Rfd1 Rxc1 30. Rxc1 Rc8 31. Rc2 Kf7 32. Qc1 Rxc2 33. Qxc2 g6 34. g4 Bd6 35. h4 {[%cal Bh2h4,Bh4h5][%mdl 32]} Qb7 36. h5 Qc7 37. Qb1 Qc3 38. Kg2 Kg7 39. g5 Qc8 $1 40. hxg6 hxg6 41. Qh1 $36 {[%mdl 2048] Hoping for Qh6+. White is pushing.} fxg5 (41... Qf8 $14) 42. Nxg5 $16 {Strongly threatening Qh7+.} e5 $2 {[#]} (42... Qg8 $16 {was called for.}) 43. Qh7+ $1 $18 Kf6 44. Qh4 {Threatens to win with Ne4+.} Kg7 $2 (44... Qf5 45. dxe5+ Bxe5) 45. dxe5 Bxe5 46. f4 {White threatens Qh7+ and mate.} Qc2+ 47. Kg3 {Qh7+ would kill now.} Qc7 48. Kf2 $2 (48. Ne6+ Kg8 49. Nxc7 Bxc7 50. Qe7 Bb8 51. Qe8+ Kg7 52. Qe7+ Kg8 53. Qe8+ Kg7 54. Qxb8) 48... Qc6 $2 {[%mdl 8192]} (48... Qc2+ $11 49. Kg3 Qf5 50. fxe5 Qxe5+ 51. Qf4 Qf5 52. Qc7+ Kf6) 49. Ke1 $2 {[%mdl 32768] Precision: White = 62%, Black = 38%. . Sensor Board Error (Ke4/e5)?} (49. Qh7+ {mates} Kf8 50. Qf7#) 1-0

[Event "1st 4NCL International Open"]
[Site "Telford"]
[Date "2018.10.30"]
[Round "1"]
[White "Gourlay, Iain"]
[Black "Jukes, Sam"]
[Result "1-0"]
[WhiteElo "2358"]
[BlackElo "1863"]
[Annotator "NA RC"]
[PlyCount "49"]
[EventDate "2018.10.31"]
[EventType "swiss"]
[EventCountry "GBR"]
[SourceTitle "playchess.com"]
[Source "ChessBase"]
[SourceQuality "1"]
[TimeControl "5400+30"]

1. Nf3 {[%emt 0:00:00]} d5 {[%emt 0:00:00]} 2. g3 {[%emt 0:00:00]} Nf6 {[%emt 0:00:12]} 3. Bg2 {[%emt 0:00:20]} c6 {[%emt 0:00:53]} 4. c4 {[%emt 0:00:49]} dxc4 {[%emt 0:01:16]} 5. O-O {[%emt 0:00:24]} Nbd7 {[%emt 0:01:55]} 6. Na3 {[%emt 0:02:32]} Nb6 {[%emt 0:11:37]} 7. Qc2 {[%emt 0:01:50]} Qd5 {[%emt 0:04:14] A11: English Opening: 1...c6} (7... g6 8. Nxc4 Nxc4 9. Qxc4 Bg7 10. Re1 O-O 11. d4 Ne4 12. Bf4 Be6 13. Qc2 f5 14. e3 Bd5 15. Ne5 {½-½ (50) Nepomniachtchi,I (2768)-Kobalia,M (2619) Satka 2018}) 8. b3 {[%emt 0:02:35]} cxb3 {[%emt 0:06:40]} 9. axb3 {[%emt 0:00:17] LiveBook: 52 Games} Bf5 {[%emt 0:01:41]} 10. d3 {[%emt 0:01:18]} Qd8 {[%emt 0:10:57]} 11. Nc4 {[%emt 0:08:33]} Nxc4 {[%emt 0:01:12]} 12. bxc4 {[%emt 0:00:23]} e6 $146 {[%emt 0:01:27]} ({Predecessor:} 12... g6 13. Be3 Bg7 14. Bxa7 O-O 15. Qb2 {0-1 (64) Cox,J (2392)-Pavlovicius,V (2191) Vilnius 2014}) 13. Be3 {[%emt 0:11:31]} Bd6 {[%emt 0:10:21]} 14. Rfb1 {[%emt 0:03:58]} Ng4 {[%emt 0:05:06]} 15. Bg5 {[%emt 0:21:22]} f6 {[%emt 0:02:33]} 16. c5 {[%emt 0:03:20]} Be5 {[%emt 0:03:27]} 17. Nxe5 {[%emt 0:02:34]} Nxe5 {[%emt 0:00:47]} 18. Bf4 {[%emt 0:02:01]} Nxd3 {[%emt 0:08:59]} 19. Rd1 {[%emt 0:06:56]} Qd4 {[%emt 0:09:13]} 20. exd3 {[%emt 0:01:12]} Bg4 {[%emt 0:02:08]} 21. Re1 {[%emt 0:03:10]} e5 {[%emt 0:01:20]} 22. Ra4 $18 {[%emt 0:03:17]} Qd7 {[%emt 0:01:17]} 23. Bxe5 {[%emt 0:09:27]} fxe5 {[%emt 0:00:32]} 24. Rxe5+ {[%emt 0:00:08]} Kd8 {[%emt 0:00:22]} 25. Qc3 {[%emt 0:01:24]} 1-0